00478nmm a2200169Ia 4500008004100000020001500041041000800056100002300064245002900087264005600116300001800172490001400190650002900204856005100233942000700284999001700291251105s9999||||xx |||||||||||||||||und|| a9562828549 aspa aMihovilovich, Juan 0aEl contagio de la locura a[Santiago de Chile, Chile] :bLOM Ediciones, c2006 a192 páginas aNarrativa aLatin American narrative uhttps://public.digitaliapublishing.com/a/13076 cCF c74370d74370